| 000 | 00480nam a22001817a 4500 | ||
|---|---|---|---|
| 001 | 00028267 | ||
| 005 | 20260223140333.0 | ||
| 008 | 260223b ag ||||| |||| 00| 0 spa d | ||
| 040 |
_bspa _cAR-CcCEOS |
||
| 080 | _a141.82 | ||
| 090 | _bLEN | ||
| 100 |
_aV. I. LENIN _9565 |
||
| 245 |
_aTres fuentes y tres partes integrantes del marxismo / _cV. I. Lenin |
||
| 260 |
_aBuenos Aires : _bAteneo, _c1984 |
||
| 300 |
_a98 p. ; _c17x12 cm. |
||
| 650 | 0 | _amarxismo | |
| 942 |
_2udc _cBK |
||
| 999 |
_c28285 _d28285 |
||
| 945 |
_c66467 _dMelina Rolando |
||